[Event "HUN-chT2 Barcza 0910"]
[Site "Hungary"]
[Date "2010.03.21"]
[Round "8.12"]
[White "Kemendi, Daniel"]
[Black "Barnoth, Robert"]
[Result "1-0"]
[WhiteElo "1704"]
[BlackElo "1669"]
[PlyCount "145"]
[EventDate "2009.11.08"]
[EventType "team-tourn"]
[EventRounds "11"]
[EventCountry "HUN"]
[SourceTitle "EXT 2011"]
[Source "ChessBase"]
[SourceDate "2010.11.26"]
[SourceVersion "1"]
[SourceVersionDate "2010.11.26"]
[SourceQuality "1"]
[WhiteTeam "Miskolc"]
[BlackTeam "Tiszavasvar"]
[WhiteTeamCountry "HUN"]
[BlackTeamCountry "HUN"]

1. e4 c5 2. Nf3 d6 3. d4 cxd4 4. Nxd4 Nf6 5. f3 a6 6. Nc3 Nc6 7. a3 g6 8. Be3 Qc7 9. Qd2 Rb8 10. Be2 Bg7 11. 0-0 0-0 12. Rfd1 Bd7 13. Rab1 Rfc8 14. Rdc1 Ne5 15. Nb3 Nc4 16. Bxc4 Qxc4 17. Qe2 Qc7 18. Qd3 Be6 19. Nd4 Bc4 20. Qd2 e5 21. Nde2 Rd8 22. b3 Be6 23. Bg5 Rd7 24. Bxf6 Bxf6 25. Nd5 Qc5+ 26. Kh1 Bxd5 27. Qxd5 Qxd5 28. exd5 Bg5 29. Rd1 f5 30. Ng3 Bf4 31. Ne2 Bg5 32. Ng3 Bf4 33. Ne2 Bg5 34. c4 Rc7 35. Rf1 Bf6 36. Rbc1 Rbc8 37. a4 b6 38. g3 Re8 39. Nc3 e4 40. fxe4 Bxc3 41. Rxc3 Rxe4 42. Kg2 Re2+ 43. Rf2 Re4 44. Kf3 Rce7 45. Ra2 g5 46. Kf2 g4 47. Rb2 Kg7 48. Rd2 h5 49. Rdc2 Kg6 50. b4 Kg5 51. a5 bxa5 52. bxa5 f4 53. c5 dxc5 54. Rxc5 Rd7 55. d6+ Kg6 56. Rd2 fxg3+ 57. hxg3 Ra4 58. Rd3 Kh6 59. Ke3 Kg6 60. Kd2 Kh6 61. Kc2 Re4 62. Kb3 Kg6 63. Rc7 Rd8 64. Rc6 Kf6 65. Rxa6 Ke6 66. d7+ Ke7 67. Rh6 Re6 68. Rxh5 Rf6 69. Rh7+ Ke6 70. Kb4 Rf3 71. Kc4 Rf1 72. a6 Rf3 73. a7 1-0

[Event "HUN-chT2 Barcza 0910"]
[Site "Hungary"]
[Date "2009.11.22"]
[Round "2.12"]
[White "Kemendi, Daniel"]
[Black "Gal, Hanna Krisztina"]
[Result "0-1"]
[WhiteElo "1704"]
[BlackElo "1771"]
[PlyCount "74"]
[EventDate "2009.11.08"]
[EventType "team-tourn"]
[EventRounds "11"]
[EventCountry "HUN"]
[SourceTitle "EXT 2011"]
[Source "ChessBase"]
[SourceDate "2010.11.26"]
[SourceVersion "1"]
[SourceVersionDate "2010.11.26"]
[SourceQuality "1"]
[WhiteTeam "Miskolc"]
[BlackTeam "HSSE"]
[WhiteTeamCountry "HUN"]
[BlackTeamCountry "HUN"]

1. e4 e6 2. d4 d5 3. Nd2 c5 4. exd5 exd5 5. dxc5 Bxc5 6. Bd3 Nf6 7. Ne2 0-0 8. 0-0 Nc6 9. h3 Ne5 10. Nb3 Bb6 11. Bf4 Nxd3 12. Qxd3 Be6 13. Ned4 Re8 14. c3 Ne4 15. Be3 Bc7 16. Nb5 Bb8 17. Rad1 a6 18. N5d4 Qc7 19. f4 Qd6 20. Nxe6 fxe6 21. Nd2 Ng3 22. Rf3 Nf5 23. Nf1 Bc7 24. Ng3 Nxe3 25. Rxe3 Bb6 26. Ne4 Qxf4 27. Rde1 dxe4 28. Qe2 Rad8 29. Kh1 Bxe3 30. Qxe3 Qxe3 31. Rxe3 Rd2 32. Rxe4 Rxb2 33. a4 e5 34. Kh2 Rf2 35. Kg3 Rf4 36. Rxf4 exf4+ 37. Kxf4 Kf7 0-1

[Event "HUN-chT U18"]
[Site "Miskolc"]
[Date "2009.10.30"]
[Round "8.10"]
[White "Kemendi, Daniel"]
[Black "Hajas, Tamas"]
[Result "1/2-1/2"]
[WhiteElo "1704"]
[BlackElo "1779"]
[PlyCount "73"]
[EventDate "2009.10.26"]
[EventType "team-swiss"]
[EventRounds "8"]
[EventCountry "HUN"]
[SourceTitle "EXT 2016"]
[Source "ChessBase"]
[SourceDate "2015.10.08"]
[SourceVersion "1"]
[SourceVersionDate "2015.10.08"]
[SourceQuality "1"]

1. e4 c6 2. d4 d5 3. Nc3 dxe4 4. Nxe4 Nd7 5. Nf3 Ngf6 6. Nxf6+ Nxf6 7. Bd3 Bg4 8. c3 e6 9. Bf4 Be7 10. h3 Bh5 11. 0-0 0-0 12. Be2 Bxf3 13. Bxf3 Qb6 14. Qc2 Rac8 15. Bd1 Rfd8 16. Qb3 Nd5 17. Bg3 Rd7 18. Qxb6 axb6 19. Bb3 b5 20. Bxd5 Rxd5 21. Bf4 b4 22. Rab1 b5 23. Bd2 bxc3 24. bxc3 Ra8 25. Rb2 h6 26. Rd1 Bg5 27. Kf1 Kh7 28. Bxg5 hxg5 29. Ke2 Kg6 30. Rd3 f5 31. Re3 Kf6 32. g4 g6 33. Kf3 Rd7 34. Rbe2 Re7 35. Re5 Ra3 36. Rc5 Rc7 37. Rc2 1/2-1/2

[Event "HUN-chT2 Barcza 0809"]
[Site "Hungary"]
[Date "2008.11.30"]
[Round "3.11"]
[White "Gunyecz, Zoltan"]
[Black "Kemendi, Daniel"]
[Result "1-0"]
[WhiteElo "2001"]
[BlackElo "1711"]
[PlyCount "55"]
[EventDate "2008.10.26"]
[EventType "team-tourn"]
[EventRounds "11"]
[EventCountry "HUN"]
[SourceTitle "EXT 2010"]
[Source "ChessBase"]
[SourceDate "2010.11.25"]
[SourceVersion "1"]
[SourceVersionDate "2010.11.25"]
[SourceQuality "1"]
[WhiteTeam "Nyiregyhaza"]
[BlackTeam "Miskolc EMSE II"]
[WhiteTeamCountry "HUN"]
[BlackTeamCountry "HUN"]

1. d4 Nf6 2. c4 g6 3. Nc3 d5 4. cxd5 Nxd5 5. e4 Nxc3 6. bxc3 Bg7 7. Bc4 0-0 8. Ne2 Nd7 9. 0-0 c5 10. Be3 Nb6 11. Bb3 cxd4 12. cxd4 Bd7 13. Rc1 Bb5 14. Re1 Rc8 15. d5 Rxc1 16. Qxc1 a6 17. Nd4 Ba4 18. Qa3 Qd7 19. Rb1 Bb5 20. Nxb5 Qxb5 21. Rc1 Nc8 22. Rc7 Bf6 23. Qc1 Nd6 24. f3 Rd8 25. Kf2 Rd7 26. Rc5 Qb4 27. Rc8+ Kg7 28. Bh6# 1-0

[Event "HUN-chT2 Barcza 0809"]
[Site "Hungary"]
[Date "2008.10.26"]
[Round "1.10"]
[White "Kemendi, Daniel"]
[Black "Kovacs, Laszlo3333"]
[Result "0-1"]
[WhiteElo "1711"]
[BlackElo "1991"]
[PlyCount "68"]
[EventDate "2008.10.26"]
[EventType "team-tourn"]
[EventRounds "11"]
[EventCountry "HUN"]
[SourceTitle "EXT 2010"]
[Source "ChessBase"]
[SourceDate "2010.11.25"]
[SourceVersion "1"]
[SourceVersionDate "2010.11.25"]
[SourceQuality "1"]
[WhiteTeam "Miskolc EMSE II"]
[BlackTeam "Hajduszoboszlo"]
[WhiteTeamCountry "HUN"]
[BlackTeamCountry "HUN"]

1. e4 d5 2. exd5 Nf6 3. c4 c6 4. d4 cxd5 5. Nc3 Nc6 6. Nf3 Bg4 7. Be3 e6 8. a3 g6 9. h3 Bxf3 10. gxf3 Bg7 11. Qd2 0-0 12. c5 b6 13. b4 bxc5 14. bxc5 Nd7 15. Nb5 a6 16. Nc3 Nxc5 17. dxc5 Qa5 18. Rc1 d4 19. Ne4 dxe3 20. Qxa5 exf2+ 21. Kxf2 Nxa5 22. c6 Rfc8 23. c7 Be5 24. Bd3 Bxc7 25. Ke2 Nb3 26. Rc3 Nd4+ 27. Kd1 Bf4 28. Ke1 Rxc3 29. Nxc3 Nxf3+ 30. Kf2 Ne5 31. Be4 Rd8 32. Ne2 Bg5 33. h4 Be7 34. h5 Bxa3 0-1

[Event "Eger Tavasz op"]
[Site "Eger"]
[Date "2008.05.02"]
[Round "2"]
[White "Kemendi, Daniel"]
[Black "Engel, Tibor"]
[Result "1/2-1/2"]
[WhiteElo "1655"]
[BlackElo "1901"]
[PlyCount "87"]
[EventDate "2008.05.01"]
[EventType "swiss"]
[EventRounds "7"]
[EventCountry "HUN"]
[SourceTitle "EXT 2011"]
[Source "ChessBase"]
[SourceDate "2010.11.26"]
[SourceVersion "1"]
[SourceVersionDate "2010.11.26"]
[SourceQuality "1"]

1. e4 e5 2. Nf3 Nf6 3. d4 exd4 4. e5 Ne4 5. Qxd4 d5 6. exd6 Nxd6 7. Qe5+ Qe7 8. Qxe7+ Bxe7 9. Bd3 0-0 10. 0-0 Nc6 11. a3 h6 12. h3 Bf5 13. Bxf5 Nxf5 14. c3 Rad8 15. Bf4 Bd6 16. Bxd6 Nxd6 17. Nbd2 Rfe8 18. Rfe1 Kf8 19. Kf1 Na5 20. Nd4 c5 21. N4b3 Ndc4 22. Nxc4 Nxb3 23. Rxe8+ Kxe8 24. Re1+ Kf8 25. Re2 Nc1 26. Rd2 Rxd2 27. Nxd2 b5 28. b3 a5 29. Ke1 Ke7 30. Kd1 Nd3 31. Ke2 Nf4+ 32. Kf3 Ne6 33. Ne4 Ng5+ 34. Nxg5 hxg5 35. Ke4 Ke6 36. Kd3 Ke5 37. g3 f5 38. f3 f4 39. g4 Kd5 40. c4+ bxc4+ 41. bxc4+ Ke5 42. a4 g6 43. Kc3 Kd6 44. Kd3 1/2-1/2